000 00664nam a2200229 a 4500
001 12838
003 BD-JhCC
005 20230517195717.0
008 190521b2019 bg a|||| ||a| 000 0 ben d
020 _a9789849046950
035 _a(BD-JhCC)12838
040 _aBD-JhCC
_dBD-JhCC
041 _abengali
082 _a891.443
_bHAQ 2019
100 _aহক,হাসান আজিজুল
245 _aকিশোর সমগ্র /
_cহাসান আজিজুল হক।
260 _aঢাকা:
_bভূমিকা;
_c২০১৯.
300 _a158 p. :
_bill ;
_c22 cm.
650 _aBengali Novel
942 _2ddc
_cBK
_015
999 _c12838
_d12838